000 00770nam a2200253 i 4500
001 18548
003 ES-MaACL
005 20250702063036.0
007 t|
008 011016s2000 sp ||||0| spa j
020 _a84-7844-518-8
040 _aM-BN
_bspa
_cM-BN
080 _a821.111(417)-4"18"
100 1 _aWilde, Oscar,
_d1854-1900
_9241147
245 1 3 _aLa decadencia de la mentira /
_cOscar Wilde ; traducción de María Luisa Balseiro.
260 _aMadrid :
_bSiruela,
_c[2000]
300 _a83 p ;
_c15 cm.
490 1 _aBiblioteca de ensayo ;
_v10
700 1 _aBalseiro, María Luisa.
_925113
830 0 _aBiblioteca de ensayo ;
_v10
_9178029
852 _aES-MaACL
_jL-25114
_bR.130331
999 _c18548
_d18548